El hombre que parecía un caballo /
Guardado en:
| Hovedforfatter: | |
|---|---|
| Format: | Ukendt |
| Sprog: | Spanish |
| Udgivet: |
San José, Costa Rica:
EDUCA,
1970.
|
| Serier: | Coleción Séptimo Día
|
| Fag: | |
| Tags: |
Tilføj Tag
Ingen Tags, Vær først til at tagge denne postø!
|
MARC
| LEADER | 000000000a22000000004500 | ||
|---|---|---|---|
| 001 | 000558 | ||
| 008 | 140728s1970 cr f |||| 000 f spa d | ||
| 041 | 0 | |a español | |
| 082 | |a G863.4 |b A683h2 | ||
| 100 | 1 | |a Arévalo Martínez, Rafael, |d 1884-1975 | |
| 245 | 1 | 3 | |a El hombre que parecía un caballo / |c Rafael Areválo Martínez |
| 250 | |b 2. edición | ||
| 260 | |a San José, Costa Rica: |b EDUCA, |c 1970. | ||
| 300 | |a 154 páginas | ||
| 490 | 1 | |a Coleción Séptimo Día | |
| 500 | |a Número de inscripción 00406 | ||
| 650 | 4 | |a LITERATURA GUATEMALTECA |v NOVELA | |
| 942 | |2 ddc |c BK | ||
| 999 | |c 1349 |d 1349 | ||
